<?xml version="1.0" encoding="UTF-8"?><collection xmlns="info:lc/xmlns/marcxchange-v2"><record format="Unimarc" type="bibliographic"><leader>00568nam  2200205   450 </leader><controlfield tag="001">1307052</controlfield><controlfield tag="003">http://id.bnportugal.gov.pt/bib/porbase/1307052</controlfield><datafield ind1=" " ind2=" " tag="010"><subfield code="a">9949-407-18-4</subfield></datafield><datafield ind1=" " ind2=" " tag="035"><subfield code="a">(bn)1307052</subfield></datafield><datafield ind1=" " ind2=" " tag="100"><subfield code="a">20041227d2004    m  y0pory0103    ba</subfield></datafield><datafield ind1="1" ind2=" " tag="101"><subfield code="a">eng</subfield></datafield><datafield ind1=" " ind2=" " tag="102"><subfield code="a">EE</subfield></datafield><datafield ind1=" " ind2=" " tag="106"><subfield code="a">r</subfield></datafield><datafield ind1="1" ind2=" " tag="200"><subfield code="a">Estonia</subfield><subfield code="e">cultural tourism</subfield><subfield code="f">Tiiu Viirand</subfield></datafield><datafield ind1=" " ind2="9" tag="210"><subfield code="a">[Tallin]</subfield><subfield code="c">Kunst Publishers</subfield><subfield code="d">2004</subfield></datafield><datafield ind1=" " ind2=" " tag="215"><subfield code="a">248 p.</subfield></datafield><datafield ind1=" " ind2=" " tag="675"><subfield code="a">908(474.2)</subfield><subfield code="v">BN</subfield><subfield code="z">por</subfield><subfield code="3">905252</subfield></datafield><datafield ind1=" " ind2="1" tag="702"><subfield code="a">Viirand</subfield><subfield code="b">Tiiu</subfield><subfield code="4">220</subfield><subfield code="3">1200900</subfield></datafield><datafield ind1=" " ind2="1" tag="702"><subfield code="a">Tali</subfield><subfield code="b">Andres</subfield><subfield code="4">440</subfield><subfield code="3">1200901</subfield></datafield><datafield ind1=" " ind2="1" tag="702"><subfield code="a">Laats</subfield><subfield code="b">Tiina</subfield><subfield code="4">730</subfield><subfield code="3">1200902</subfield></datafield><datafield ind1=" " ind2=" " tag="966"><subfield code="l">BN</subfield><subfield code="m">FGMON</subfield><subfield code="s">H.G. 53561 V.</subfield><subfield code="x">5</subfield></datafield></record></collection>